Ipeľská únia vznikla pred piatimi rokmi

Bibliographic Details
Main Author: Wollent, József (Author)
Format: Article
Language:Slovak
PhysicalDescription:Fotogr.
Subjects:

MARC

LEADER 00000nab a2200000 a 4500
001 vtls000676796
003 SK-MaSNL
005 20260305033551.0
008 180206c1998 xo 0 slo
015 |a SNBRB1998/10-28974 
035 |a CLN000028966 
040 |a SNKBUCL  |b slo  |c SNKBUCL  |e AACR2 
041 0 |a slo 
044 |a xo  |c SK 
080 |a 502.3:061.25(437.6)  |2 UDC-MRF-SK2 
100 1 |a Wollent, József  |4 aut  |9 289213 
245 1 0 |a Ipeľská únia vznikla pred piatimi rokmi  |c József Wollent 
300 |b Fotogr. 
610 7 |a Ipeľská únia (Šahy, Slovensko)  |2 snkbucl  |9 1054121 
651 7 |a Levice (Slovensko : okres)  |2 snkbucl  |9 15245 
655 7 |a články z novín a časopisov  |2 snkbucl  |9 267496 
773 0 |t NonProfit  |g Február (1998), s. 10 
850 |a Slovenská národná knižnica v Martine 
852 |a SNK  |b KIS3GCP 
958 |a RBX 
999 |c 3324860  |d 3326790